| 000 | 01072cam a2200253 4500 | ||
|---|---|---|---|
| 008 | 030901n2002 000 0 eng u | ||
| 020 | _a0727731823 | ||
| 035 | _a(Sirsi) u123435 | ||
| 041 | _aeng | ||
| 050 |
_a693.54 _c18 |
||
| 100 | _aPullar-Strecker, Peter | ||
| 245 |
_aConcrete reinforcement corrosion _bfrom assessment to repair decisions |
||
| 260 |
_aLondon _bThomas Telford _c2002 |
||
| 300 |
_avi, 88p. _bill. _c30cm. |
||
| 350 | _a25 | ||
| 490 | _aICE Design and Practice Guide | ||
| 520 | _aThis concise guide gives civil engineers the basic considerations for the investigation, assessment, protection and repair of reinforced concrete affected by corrosion. It also highlights the special care that investigators should take if they are involved as experts in arbitration or litigation. Includes a bibliography and glossary. | ||
| 650 | _aREINFORCED CONCRETE | ||
| 650 | _aCONCRETE CORROSION | ||
| 650 | _aCONCRETE STRUCTURES | ||
| 690 | _aBUILT ENVIRONMENT-BUILDING PATHOLOGY | ||
| 710 |
_aInstitution of Civil Engineers _91402 |
||
| 942 | _n0 | ||
| 999 |
_c103040 _d103040 |
||